<?xml version="1.0" encoding="UTF-8"?>
<record
    xmlns:xsi="http://www.w3.org/2001/XMLSchema-instance"
    xsi:schemaLocation="http://www.loc.gov/MARC21/slim http://www.loc.gov/standards/marcxml/schema/MARC21slim.xsd"
    xmlns="http://www.loc.gov/MARC21/slim">

  <leader>00977    a2200253   4500</leader>
  <controlfield tag="008">240605b        mp ||||| |||| 00| 0 mon d</controlfield>
  <datafield tag="020" ind1=" " ind2=" ">
    <subfield code="a">978-99973-1-602-8</subfield>
  </datafield>
  <datafield tag="035" ind1=" " ind2=" ">
    <subfield code="a">4656</subfield>
  </datafield>
  <datafield tag="040" ind1=" " ind2=" ">
    <subfield code="a">HE0623081</subfield>
    <subfield code="b">mon</subfield>
    <subfield code="c">MN-UlNLM</subfield>
    <subfield code="d">MN-UlNLM</subfield>
    <subfield code="e">rda</subfield>
  </datafield>
  <datafield tag="041" ind1=" " ind2=" ">
    <subfield code="a">mon</subfield>
  </datafield>
  <datafield tag="042" ind1=" " ind2=" ">
    <subfield code="a">57394</subfield>
  </datafield>
  <datafield tag="084" ind1=" " ind2=" ">
    <subfield code="2">NNA</subfield>
    <subfield code="a">84(0)-44</subfield>
    <subfield code="b">&#x420;.796</subfield>
  </datafield>
  <datafield tag="100" ind1=" " ind2=" ">
    <subfield code="a">&#x420;&#x43E;&#x443;&#x43B;&#x438;&#x43D;&#x433; &#x41A;.&#x416;.</subfield>
  </datafield>
  <datafield tag="245" ind1=" " ind2="0">
    <subfield code="a">&#x425;&#x430;&#x440;&#x440;&#x438; &#x43F;&#x43E;&#x442;&#x442;&#x435;&#x440; &#x431;&#x430; &#x410;&#x437;&#x43A;&#x430;&#x431;&#x430;&#x43D;&#x44B; &#x445;&#x43E;&#x440;&#x438;&#x433;&#x434;&#x43E;&#x43B;</subfield>
  </datafield>
  <datafield tag="264" ind1=" " ind2=" ">
    <subfield code="a">&#x423;&#x411;.</subfield>
    <subfield code="b">&#x41C;&#x43E;&#x43D;&#x441;&#x443;&#x434;&#x430;&#x440; &#x425;&#x413;</subfield>
    <subfield code="c">2018</subfield>
  </datafield>
  <datafield tag="300" ind1=" " ind2=" ">
    <subfield code="a">478&#x445;.</subfield>
  </datafield>
  <datafield tag="336" ind1=" " ind2=" ">
    <subfield code="2">rdacontent</subfield>
    <subfield code="a">text</subfield>
    <subfield code="b">txt</subfield>
  </datafield>
  <datafield tag="337" ind1=" " ind2=" ">
    <subfield code="2">rdamedia</subfield>
    <subfield code="a">unmediated</subfield>
    <subfield code="b">n</subfield>
  </datafield>
  <datafield tag="338" ind1=" " ind2=" ">
    <subfield code="2">rdacarrier</subfield>
    <subfield code="a">volume</subfield>
    <subfield code="b">nc</subfield>
  </datafield>
  <datafield tag="490" ind1=" " ind2=" ">
    <subfield code="a">&#x425;&#x430;&#x440;&#x440;&#x438; &#x43F;&#x43E;&#x442;&#x442;&#x435;&#x440;</subfield>
    <subfield code="v">3</subfield>
  </datafield>
  <datafield tag="650" ind1=" " ind2=" ">
    <subfield code="a">&#x425;&#x4AF;&#x43B;&#x44D;&#x433; &#x431;&#x430;&#x430;&#x442;&#x440;&#x44B;&#x43D; &#x430;&#x432;&#x442;&#x43E;&#x431;&#x443;&#x441; &#x445;&#x430;&#x440;&#x430;&#x43D;&#x445;&#x443;&#x439;&#x434; &#x442;&#x4AF;&#x447;&#x438;&#x433;&#x43D;&#x44D;&#x441;&#x44D;&#x44D;&#x440; &#x425;&#x430;&#x440;&#x440;&#x438; &#x41F;&#x43E;&#x442;&#x442;&#x435;&#x440;&#x44B;&#x43D; &#x4E9;&#x43C;&#x43D;&#x4E9; &#x437;&#x43E;&#x433;&#x441;&#x43E;&#x445; &#x4AF;&#x435;&#x434; &#x442;&#x4AF;&#x4AF;&#x43D;&#x438;&#x439; &#x445;&#x443;&#x432;&#x44C;&#x434; "&#x425;&#x43E;&#x433;&#x432;&#x430;&#x440;&#x442;&#x441;"-&#x442; &#x4E9;&#x43D;&#x433;&#x4E9;&#x440;&#x4AF;&#x4AF;&#x43B;&#x44D;&#x445; &#x431;&#x430;&#x441; &#x43D;&#x44D;&#x433;&#x44D;&#x43D; &#x435;&#x440; &#x431;&#x443;&#x441;...</subfield>
  </datafield>
  <datafield tag="942" ind1=" " ind2=" ">
    <subfield code="2">NNA</subfield>
    <subfield code="c">BK</subfield>
  </datafield>
  <datafield tag="952" ind1=" " ind2=" ">
    <subfield code="0">0</subfield>
    <subfield code="1">0</subfield>
    <subfield code="4">0</subfield>
    <subfield code="6">84044_&#x420;796</subfield>
    <subfield code="7">0</subfield>
    <subfield code="8">HE062</subfield>
    <subfield code="a">HE0623081</subfield>
    <subfield code="b">HE0623081</subfield>
    <subfield code="c">HE062</subfield>
    <subfield code="d">2024-06-12</subfield>
    <subfield code="g">22000.00</subfield>
    <subfield code="l">0</subfield>
    <subfield code="o">84(0)-44  &#x420;.796</subfield>
    <subfield code="p">HE0624656-2-1</subfield>
    <subfield code="r">2024-06-12</subfield>
    <subfield code="t">32019</subfield>
    <subfield code="y">BK</subfield>
  </datafield>
  <datafield tag="952" ind1=" " ind2=" ">
    <subfield code="0">0</subfield>
    <subfield code="1">0</subfield>
    <subfield code="4">0</subfield>
    <subfield code="6">84044_&#x420;796</subfield>
    <subfield code="7">0</subfield>
    <subfield code="8">HE063</subfield>
    <subfield code="a">HE0623081</subfield>
    <subfield code="b">HE0623081</subfield>
    <subfield code="c">HE063</subfield>
    <subfield code="d">2024-06-12</subfield>
    <subfield code="g">24900.00</subfield>
    <subfield code="l">0</subfield>
    <subfield code="o">84(0)-44  &#x420;.796</subfield>
    <subfield code="p">HE0624656-3-1</subfield>
    <subfield code="r">2024-06-12</subfield>
    <subfield code="t">13211</subfield>
    <subfield code="y">BK</subfield>
  </datafield>
  <datafield tag="952" ind1=" " ind2=" ">
    <subfield code="0">0</subfield>
    <subfield code="1">0</subfield>
    <subfield code="4">0</subfield>
    <subfield code="6">84044_&#x420;796</subfield>
    <subfield code="7">0</subfield>
    <subfield code="8">HE064</subfield>
    <subfield code="a">HE0623081</subfield>
    <subfield code="b">HE0623081</subfield>
    <subfield code="c">HE064</subfield>
    <subfield code="d">2024-06-12</subfield>
    <subfield code="g">24900.00</subfield>
    <subfield code="l">0</subfield>
    <subfield code="o">84(0)-44  &#x420;.796</subfield>
    <subfield code="p">HE0624656-4-1</subfield>
    <subfield code="r">2024-06-12</subfield>
    <subfield code="t">20151</subfield>
    <subfield code="y">BK</subfield>
  </datafield>
  <datafield tag="999" ind1=" " ind2=" ">
    <subfield code="c">877050</subfield>
    <subfield code="d">877107</subfield>
  </datafield>
</record>
